000 00437nam a2200181Ia 4500
005 20250423094644.0
008 250422s9999 xx 000 0 und d
020 _a9780070435773
050 _aHF 5718 .M388/
100 _aMonippally, Matthukuty M.
245 0 _aBusiness communication stratergies
260 _aNew Delhi
260 _bTata McGraw-Hill
260 _c2009
300 _a258 p
650 _aBusiness
942 _cBK
999 _c27895
_d27895